000
00400nam a22001337a 4500
003
SGT
020
_a
9789383838387
082
_a
891.4309
_b
R14S
100
_a
शाफियावादी, जौहर
245
_a
रंगमहल : ग़ज़ल महाकाव्य दीवान
260
_b
शिवालिक प्रकाशन
_c
2014
300
_a
156
942
_2
ddc
_c
BK
999
_c
31242
_d
31242